Salarios y precios: un círculo vicioso

Según el artículo, la desvalorización del salario es alarmante: en 1983, en el sueldo que se recibe, hay más colones que en 1980 por el mismo trabajo, pero el número y cantidad de bienes y servicios que se pueden adquirir es menor. De marzo de 1979 a noviembre de 1981, los salarios reales descendier...

תיאור מלא

שמור ב:
מידע ביבליוגרפי
פורמט: Texto
נושאים:
תגים: הוספת תג
אין תגיות, היה/י הראשונ/ה לתייג את הרשומה!

MARC

LEADER 00000 a a2200000 04500
001 4034
003
040
245 |a Salarios y precios:   |b un círculo vicioso  
520 |a Según el artículo, la desvalorización del salario es alarmante: en 1983, en el sueldo que se recibe, hay más colones que en 1980 por el mismo trabajo, pero el número y cantidad de bienes y servicios que se pueden adquirir es menor. De marzo de 1979 a noviembre de 1981, los salarios reales descendieron 30, 5 por ciento   |a es decir, en menos de tres años perdieron casi una tercera parte de su poder adquisitivo. Ciertamente, los salarios nominales han aumentado, lo cual crea una falsa imagen de mejora, pero lo que sucede es exactamente lo contrario. Resumidamente: en los últimos diez años, lejos de haberse mejorado la situación del grueso de los asalariados del país (que conforman el 75 por ciento, aproximadamente) , se ha empobrecido y tiende a situarse en un nivel de consumo mínimo que, con gran esfuerzo, les permiten ubsistir. HBQ/mb  
650 |a SALARIOS  
650 |a PRECIOS  
650 |a BIENES DE CONSUMO  
650 |a CONDICIONES ECONOMICAS  
650 |a GOBIERNO  
650 |a SALARIOS  
773 |g número 5; páginas 2-4  
999 |c 31616  |d 31616